000 01415cam a2200277 4500
001 ABS64217
008 010806n2001 000 0 eng u
035 _a(Sirsi) u113957
100 _aGriffith, A.
245 4 _aThe influence of the Construction (Design and Management) Regulations 1994 upon the procurement and management of small building works
260 _c2001
490 _aConstruction Management and Economics
_v19(5) September 2001, 533-540(8)
520 _aExamines the application of the CDM regulations in the context of small building works, revealing that the legislation has left ambiguities which can allow health and safety responsibilities to be downplayed or ignored. Calls for the requirements of the regulations to be made clear in standard forms of contract in order to ensure that all parties have a clear understanding of their duties and responsibilities. Graphs, references.
590 _aABS
650 _aBUILT ENVIRONMENT-BUILDING MAINTENANCE AND REFURBISHMENT
650 _aBUILDING WORKS
650 _aCONSTRUCTION (DESIGN AND MANAGEMENT) REGULATIONS 1994
650 _aCONSTRUCTION (DESIGN AND MANAGEMENT) REGULATIONS 1994
650 _aCONSTRUCTION MANAGEMENT
_96230
650 _aHEALTH AND SAFETY
_96244
650 _aMINOR WORKS
650 _aSMALL BUILDING WORKS
690 _aBUILT ENVIRONMENT-BUILDING STANDARDS
700 _aPhillips, N.
942 _n0
999 _c67908
_d67908